00418nam a2200193Ia 4500003000900000008004100009040001300050040001300063041000800076100002200084245003900106250001200145260001200157260000900169300001100178300001000189490001800199490000700217IT-RoPAU120407s9999 xx 000 0 und d aIT-RoPAU cIT-RoPAU aita aAlberto J. Soggin aIl profeta Amos. Trad. e commento. aBrescia aPaideia c1982 a196 p. c21 cm aStudi Biblici v61